Loving other people's children : an essential guide for step-parents

Bibliographic Details
Main Author: Fowler, Deborah
Format: Book
Published: London : Vermilion , 1992
Subjects:

MARC

LEADER 00000cam a2200000 7i4500
001 0000006462
002 000006974
005 20000330.0
020 |a 0091773865 
090 0 0 |a 306.874   |b FOW 
100 1 |a Fowler, Deborah 
245 1 0 |a Loving other people's children :   |b an essential guide for step-parents   |c Deborah Fowler 
260 |a London :   |b Vermilion ,   |c 1992 
300 |a 145 p. ;   |c 21 cm. 
650 0 0 |a Parent and child 
650 0 0 |a Stepparents 
999 |a 038033   |b BUKU   |c PINJAMAN   |e PERPUSTAKAAN KOMUNITI PETALING JAYA